000 00589nam a2200217Ia 4500
003 BUBTL
008 151213s9999 xx 000 0 und d
020 _a0132435284
082 _a658.8/ K8487m/ 1997
100 _aP . Kottler
245 _aMarketing Management:
_cP . Kottler
250 _a9th
260 _aNew Jersey
_bPrentic Hall
_cc1997
300 _a[xxvii], 508p .:
_bill , Table ; 28cm.
500 _aBibliography and Index .
650 _aMarketing
700 _aP . Kottler
_94360
856 _k0
_l0
_yDownload
942 _2ddc
_cBK
999 _c1801
_d1801